00961nam a2200241 a 450000100100000000500170001000800410002702000150006804000250008308200170010810000280012524500900015326000270024330000230027050001260029350000680041950000350048753400180052270000320054004900090057295201210058199900170070200002421420200930022820.0110120s1991 sp r 001 0 spa d a8471666812 aDO-SdBNPbspacBNPHU axxxxxbS624s1 aSivananda, Suami94973610aSenda divina :b(de Ahimsa a la muerte) /cSuami Sivananda ; traductor Jesús Greus. aMadrid :bEDAF,c1991. a332 p. ;c20.5 cm. aEn la portada: un libro de ensayos espirituales sobre el sublime propósito de la vida humana y los medios para su logro aIncluye referencia biográfica del autor en la contracubierta. aIncluye índice alfabético. aBliss divine.1 aGreus, Jesús,etr.949737 aBNGR 001054708MOaGRbGRcCTd2011-01-20iLF1l0oxxxxx S624sp24214-10r2020-06-25w2020-06-25y4ZPréstamo en sala c23708d23708